00664cam a22002177a 4500003000500000005001700005008004100022010001000063011001000073020001500083035001000098040000900108082001500117100004300132245008300175260007000258300003100328650004000359650002200399650002500421CHAP20220329141101.0971013d1995 mx a r 00010 spa d a62350 a63322 a9686923497 a67498 cCHAP a633.11bG500aGilchrist Saavedra, Lucy Isabellaeed.10aProceedings of a Septoria tritici workshopb/by Lucy Gilchrist S. (and others) aMéxico, D. F. :bCentro Internacional de Maíz y Trigo,c1995. a157 p. :bilus. ; gráfs.14aMancha café de la hoja del trigo.14aSeptoria tritici.14aTrigoxEnfermedades.